[Event "AUTO-OPEN-3642"]
[Site "http://www.queenalice.com/game.php?id=1419781"]
[Date "2016.4.24"]
[Round "1"]
[White "mp3"]
[Black "Danado"]
[Result "0-1"]
[WhiteElo "1568"]
[BlackElo "1607"]

1. e4 e5 2. Nf3 d6 3. Bc4 h6 4. c3 Bg4 5. Bd5 Nf6 6. h3 Bxf3 7. Qxf3 Nxd5 8.
exd5 Na6 9. O-O Qe7 10. Re1 O-O-O 11. d4 f6 12. dxe5 dxe5 13. Qe3 Rxd5 14. Qxa7
Qc5 15. Qa8+ Nb8 16. b4 Qb6 17. Be3 Qa6 18. Ba7 Kd7 19. Qxb8 b6 20. c4 Rd6 21.
b5 Qc8 22. Qxc8+ Kxc8 23. Nc3 Rd7 24. Nd5 Kb7 25. Bxb6 cxb6 26. a4 Bc5 27. Red1
Rhd8 28. a5 Ra8 29. a6+ Ka7 30. g3 Rc8 31. Kg2 Bd4 32. h4 Bxa1 33. Rxa1 Rxc4 34.
Ne3 Rb4 35. Nf5 Rxb5 36. Ra2 e4 37. Kh3 Ra5 38. Re2 Rxf5 39. Kg2 Re5 40. Ra2 Ra5
41. Re2 f5 42. Re3 Rxa6 43. f3 Ra2+ 44. Kh3 exf3 45. Rxf3 g6 46. g4 fxg4+ 47.
Kxg4 Ka6 48. Rf6 Rd4+ 49. Kg3 Ra3+ 50. Kf2 Rb4 51. Ke2 Rb2+ 52. Kd1 Ra1# 0-1

[Event "AUTO-OPEN-3642"]
[Site "http://www.queenalice.com/game.php?id=1419782"]
[Date "2016.4.24"]
[Round "1"]
[White "Danado"]
[Black "mp3"]
[Result "1-0"]
[WhiteElo "1571"]
[BlackElo "1589"]

1. e4 e5 2. d4 exd4 3. Qxd4 Nc6 4. Qe3 Nf6 5. Nc3 Bb4 6. Bd2 O-O 7. a3 Be7 8.
O-O-O d6 9. f3 a6 10. Bd3 b5 11. Nge2 h6 12. Nd5 Nxd5 13. exd5 Ne5 14. Bc3 Nxd3+
15. Qxd3 Bg5+ 16. Bd2 Bxd2+ 17. Rxd2 Qg5 18. Rg1 Bf5 19. Qc3 Rfc8 20. Nd4 Bg6
21. g3 Qxd5 22. Nb3 Qh5 23. h4 f6 24. Rf2 c5 25. Nd2 d5 26. Qe3 d4 27. Qe6+ Bf7
28. Qg4 Qxg4 29. fxg4 Re8 30. Rgf1 c4 31. Rf4 Red8 32. g5 hxg5 33. hxg5 fxg5 34.
Rxf7 d3 35. c3 Kh7 36. Rh1+ Kg6 37. Rff1 Re8 38. Nf3 Red8 39. Ne5# 1-0

[Event "AUTO-OPEN-3642"]
[Site "http://www.queenalice.com/game.php?id=1419783"]
[Date "2016.4.24"]
[Round "1"]
[White "mp3"]
[Black "Black_bishop"]
[Result "0-1"]
[WhiteElo "1572"]
[BlackElo "1988"]

1. e3 e5 2. Qh5 d6 3. Bc4 g6 4. Qf3 Qf6 5. Qxf6 Nxf6 6. Nf3 Bg7 7. Ng5 O-O 8.
Bxf7+ Rxf7 9. Nxf7 Kxf7 10. O-O Nc6 11. Nc3 a6 12. f4 Be6 13. fxe5 Nxe5 14. d4
Nd7 15. a3 Ke7 16. h3 Bc4 17. Rf2 c6 18. b3 Be6 19. a4 d5 20. Ba3+ Ke8 21. g4
Bh6 22. Re1 Ne4 23. Nxe4 dxe4 24. h4 Bxg4 25. Ref1 Bf3 26. Re1 Kf7 27. c4 Rg8
28. Bd6 g5 29. hxg5 Bxg5 30. Bh2 Bxe3+ 31. Kf1 Bxf2 32. Kxf2 Rg2+ 33. Ke3 Rxh2
34. Rf1 Rb2 35. Kf4 Rxb3 36. Rh1 h5 37. Rxh5 Bxh5 38. Kxe4 Bg6+ 39. Kf4 Rb4 40.
a5 Rxc4 41. Ke3 Ra4 0-1

[Event "AUTO-OPEN-3642"]
[Site "http://www.queenalice.com/game.php?id=1419784"]
[Date "2016.4.24"]
[Round "1"]
[White "Black_bishop"]
[Black "mp3"]
[Result "1-0"]
[WhiteElo "1977"]
[BlackElo "1575"]

1. b3 Nf6 2. Bb2 e6 3. Nf3 Be7 4. e3 d5 5. d3 O-O 6. Be2 Bb4+ 7. c3 Bd6 8. h3 c5
9. c4 b6 10. Nbd2 dxc4 11. Nxc4 Ba6 12. Nxd6 Qxd6 13. Bxf6 gxf6 14. O-O f5 15.
d4 Bxe2 16. Qxe2 Nc6 17. dxc5 bxc5 18. Ng5 a5 19. Qh5 Kg7 20. Qxh7+ Kf6 21. Qh6+
Ke7 22. Nh7 Rh8 23. Qf6+ Kd7 24. Rfd1 Qxd1+ 25. Rxd1+ Kc7 26. Qxf7+ Kb6 27. Nf6
Nd8 28. Rd6+ Kb5 29. Qd7+ Kb4 30. Qa4+ Kc3 31. Qc4+ Kb2 32. Rd2+ Kb1 33. Qc2+
1-0

[Event "AUTO-INT-3138"]
[Site "http://www.queenalice.com/game.php?id=1422940"]
[Date "2016.5.13"]
[Round "1"]
[White "prrrudenz"]
[Black "mp3"]
[Result "1-0"]
[WhiteElo "2035"]
[BlackElo "1542"]

1. e4 e5 2. Nf3 d6 3. Nc3 Nf6 4. h3 c6 5. d4 exd4 6. Nxd4 c5 7. Bb5+ Nbd7 8. Nf5
a6 9. Bxd7+ Bxd7 10. Nxd6+ Bxd6 11. Qxd6 b6 12. Bg5 Be6 13. O-O-O Qxd6 14. Rxd6
Rb8 15. Bxf6 gxf6 16. Na4 Bxa2 17. b3 O-O 18. Kb2 Bxb3 19. cxb3 Rfd8 20. Rhd1
Rxd6 21. Rxd6 b5 22. Nxc5 a5 23. Rxf6 Kg7 24. Ra6 Rc8 25. Nd3 Rd8 26. Kc2 a4 27.
bxa4 bxa4 28. Rxa4 h6 29. Kd2 Kg6 30. Ke3 f6 31. g4 Rd7 32. Ra6 Rc7 33. e5 Rc3
34. Rxf6+ Kg7 35. f4 Kh7 36. e6 Rc7 37. Rf7+ Rxf7 38. exf7 Kg7 39. Ne5 Kf8 40.
g5 hxg5 41. fxg5 Kg7 42. h4 1-0

[Event "AUTO-INT-3138"]
[Site "http://www.queenalice.com/game.php?id=1422941"]
[Date "2016.5.13"]
[Round "1"]
[White "mp3"]
[Black "prrrudenz"]
[Result "0-1"]
[WhiteElo "1554"]
[BlackElo "1846"]

1. e4 e6 2. Bc4 d5 3. exd5 exd5 4. Be2 Nf6 5. Nf3 Be7 6. O-O c5 7. Bb5+ Bd7 8.
Bxd7+ Nbxd7 9. d3 O-O 10. Bg5 h6 11. Bd2 Re8 12. d4 c4 13. c3 Ne4 14. b3 b5 15.
Re1 Nxd2 16. Nbxd2 Nf6 17. Ne5 Qc7 18. f4 Bd6 19. g3 Rac8 20. b4 a5 21. a3 a4
22. Ndf3 Ne4 23. h4 Nxg3 24. Kg2 Ne4 25. Kh3 Nf2+ 26. Kh2 Nxd1 27. Raxd1 f6 28.
Ng6 Bxf4+ 29. Nxf4 Qxf4+ 30. Kg2 g5 31. hxg5 hxg5 32. Rxe8+ Rxe8 33. Rf1 Kg7 34.
Rf2 Qg4+ 35. Kf1 Re3 36. Nh2 Qh3+ 37. Kg1 g4 0-1

[Event "AUTO-INT-3138"]
[Site "http://www.queenalice.com/game.php?id=1422954"]
[Date "2016.5.13"]
[Round "1"]
[White "ismaelfln"]
[Black "mp3"]
[Result "0-1"]
[WhiteElo "1430"]
[BlackElo "1515"]

1. e4 e5 2. Nf3 d6 3. Bc4 h6 4. O-O a6 5. b4 b5 6. Bb3 Nf6 7. Nc3 c5 8. bxc5
dxc5 9. Nxe5 c4 10. Ba4 bxa4 11. Nxc4 Bd7 12. e5 Nh7 13. d4 Bb4 14. Nd5 Be6 15.
Ndb6 Ra7 16. Nb2 Qxb6 17. Nxa4 Qd8 18. c3 Be7 19. Be3 O-O 20. f4 Bf5 21. g4 Be4
22. d5 Qc8 23. f5 f6 24. Bxa7 Rd8 25. Bxb8 Qxb8 0-1

[Event "AUTO-INT-3138"]
[Site "http://www.queenalice.com/game.php?id=1422962"]
[Date "2016.5.13"]
[Round "1"]
[White "Rider"]
[Black "mp3"]
[Result "1-0"]
[WhiteElo "1650"]
[BlackElo "1518"]

1. e4 e5 2. d4 exd4 3. Qxd4 Nc6 4. Qe3 Bb4+ 5. c3 Be7 6. Bc4 h6 7. Qf4 Bf6 8.
Nf3 d6 9. O-O g5 10. Qd2 Bg7 11. Qd5 Qe7 12. Nbd2 Be6 13. Qb5 Bc8 14. Qb3 Nf6
15. Re1 O-O 16. Bd3 g4 17. Nh4 Nxe4 18. g3 Na5 19. Qa4 b6 20. Rxe4 Qd8 21. Re3
Bf6 22. c4 Bxh4 23. gxh4 Qxh4 24. Rg3 c5 25. Qc2 f5 26. f4 Bd7 27. Nf3 Qe7 28.
Bd2 Nc6 29. Re1 Qd8 30. Re2 Kh7 31. Ne1 Nd4 32. Qb1 Nxe2+ 33. Bxe2 Re8 34. Bxg4
a6 35. Bxf5+ Bxf5 36. Qxf5+ Kh8 37. Bc3+ Re5 38. Qg6 Qg8 39. Qf6+ Kh7 40. Rxg8
1-0

[Event "AUTO-INT-3138"]
[Site "http://www.queenalice.com/game.php?id=1422963"]
[Date "2016.5.13"]
[Round "1"]
[White "mp3"]
[Black "Rider"]
[Result "0-1"]
[WhiteElo "1528"]
[BlackElo "1671"]

1. e4 d5 2. exd5 Qxd5 3. Nc3 Qe5+ 4. Nge2 e6 5. d3 Bb4 6. d4 Qd6 7. Bd2 c5 8.
dxc5 Qxc5 9. Be3 Qc6 10. Qd2 Bxc3 11. Nxc3 Nf6 12. Rd1 Nbd7 13. Bg5 h6 14. Be3
O-O 15. Bb5 Qxg2 16. Ke2 a6 17. Rdg1 Qh3 18. Bxh6 Qh5+ 19. f3 g6 20. Be3 Ne5 21.
Rf1 axb5 22. Nxb5 Rxa2 23. Nc7 Ned7 24. b3 b5 25. Bh6 Rd8 26. Be3 Qf5 27. Rd1
Rxc2 28. Nxb5 Qxb5+ 29. Ke1 Rxd2 30. Bxd2 Qxb3 31. Bg5 Qc3+ 32. Rd2 Qe5+ 33. Re2
Qa1+ 34. Kf2 Qxh1 35. Bxf6 Nxf6 0-1

[Event "AUTO-OPEN-3667"]
[Site "http://www.queenalice.com/game.php?id=1427798"]
[Date "2016.6.16"]
[Round "1"]
[White "LeRoiNoir"]
[Black "mp3"]
[Result "1-0"]
[WhiteElo "1672"]
[BlackElo "1497"]

1. d4 d5 2. c4 dxc4 3. e3 b5 4. a4 c6 5. axb5 cxb5 6. Qf3 Bb7 7. Qxb7 Nd7 8.
Qxb5 Qc8 9. Bxc4 a6 10. Rxa6 Rxa6 11. Qxa6 Qxa6 12. Bxa6 Ngf6 13. Nc3 Nd5 14.
Nxd5 e6 15. Nf4 Bb4+ 16. Bd2 Be7 17. Bb5 Bg5 18. Nge2 h6 19. Bb4 Bxf4 20. Nxf4
g5 21. Nh5 f5 22. Nf6+ 1-0

[Event "AUTO-OPEN-3667"]
[Site "http://www.queenalice.com/game.php?id=1427799"]
[Date "2016.6.16"]
[Round "1"]
[White "mp3"]
[Black "LeRoiNoir"]
[Result "0-1"]
[WhiteElo "1518"]
[BlackElo "1391"]

1. e4 c6 2. Bc4 d5 3. exd5 cxd5 4. Bd3 Nf6 5. Nf3 Bg4 6. O-O e6 7. c3 Nbd7 8. h3
Bh5 9. b4 Bd6 10. a4 Ne4 11. g4 Bg6 12. Bb5 h5 13. Bxd7+ Qxd7 14. d3 hxg4 15.
hxg4 Nf6 16. g5 e5 17. gxf6 Qg4# 0-1

[Event "AUTO-OPEN-3667"]
[Site "http://www.queenalice.com/game.php?id=1427824"]
[Date "2016.6.16"]
[Round "1"]
[White "dmbenati"]
[Black "mp3"]
[Result "1-0"]
[WhiteElo "1314"]
[BlackElo "1540"]

1. e4 e5 2. Nf3 d6 3. Bc4 h6 4. O-O Nf6 5. d3 a6 6. b4 b5 7. Bb3 Be7 8. Nc3 O-O
9. Nd5 c6 10. Nxe7+ Qxe7 11. Qe2 Nbd7 12. Nh4 Nxe4 13. Nf5 Qf6 14. Qxe4 d5 15.
Qf3 Nb6 16. Nxh6+ gxh6 17. Qxf6 Bd7 18. Bxh6 Rfe8 19. Qg7# 1-0

[Event "AUTO-OPEN-3667"]
[Site "http://www.queenalice.com/game.php?id=1427825"]
[Date "2016.6.16"]
[Round "1"]
[White "mp3"]
[Black "dmbenati"]
[Result "0-1"]
[WhiteElo "1550"]
[BlackElo "1193"]

1. e4 e5 2. Qh5 d6 3. Bc4 g6 4. Qf3 Nf6 5. d3 Bg4 6. Qe3 Nc6 7. h3 Nd4 8. Na3 d5
9. exd5 Bxa3 10. bxa3 Nxc2+ 0-1

[Event "AUTO-OPEN-3667"]
[Site "http://www.queenalice.com/game.php?id=1427843"]
[Date "2016.6.16"]
[Round "1"]
[White "TheOperator"]
[Black "mp3"]
[Result "1-0"]
[WhiteElo "1667"]
[BlackElo "1507"]

1. e4 e5 2. Nc3 d6 3. Nf3 Nf6 4. Bc4 h6 5. O-O a6 6. d3 b5 7. Bb3 b4 8. Nd5 Nxd5
9. Bxd5 Ra7 10. Be3 c5 11. c3 a5 12. Nd2 Bb7 13. Qf3 Bxd5 14. exd5 Be7 15. c4
O-O 16. Qg3 g5 17. b3 f5 18. Qh3 1-0